LEADER 01093cam0 22002773 450 001 SOB0000001089 005 20220715071752.0 010 $a8814069212 100 $a20010130d1998 |||||ita|0103 ba 101 $aita 102 $aIT 200 1 $a<>innovazioni in tema di formazione della prova nel processo penale$eCommento alla Legge 7 agosto 1997, n. 267$fDonatello Cimadomo ... [et al.]$gsintesi dei lavori parlamentari a cura di Andrea Antonio Dalia 210 $aMilano$cGiuffré$d1998 215 $aX, 469 p.$d24 cm 225 2 $aLe nuove leggi penali$v2 410 1$1001LAEC00016354$12001 $a*Le nuove leggi penali$v2 702 1$aCIMADOMO, Donatello$3AF00012457$4070 801 0$aIT$bUNISOB$c20220715$gRICA 850 $aUNISOB 852 $aUNISOB$j340$m94632 912 $aSOB0000001089 940 $aM 102 Monografia moderna SBN 941 $aM 957 $a340$b001821$gSI$d94632$rACQUISTO$p54.000$1rovito$2UNISOB$3UNISOB$420220715071517.0$520220715071624.0$6rovito 996 $aInnovazioni in tema di formazione della prova nel processo penale$9660006 997 $aUNISOB